000 00380nam a22001337a 4500
082 _a001
_bPAR/8
100 _aPILLAI, P.PARAMESWARAN
245 _aSTUDENTS WINNER
260 _aTHIRUVANANTHAPURAM
_bWIN BOOKS
300 _a1077
520 _aDETAILS OF HUMAN BODY, GK, GENERAL SCIENCE, HISTORY, SPORTS, COMMUNCIATIVE ENGLISH ETC.
650 _aDIFFRENT INFORMATIONS
942 _cBK
999 _c4054
_d4054